[Event "Goed op 1st"]
[Site "Goed"]
[Date "2004.07.30"]
[Round "4"]
[White "Kosztolanczi, Gyula"]
[Black "Pavel, Miklos"]
[Result "1-0"]
[WhiteElo "2195"]
[BlackElo "2000"]
[PlyCount "67"]
[EventDate "2004.07.??"]
[EventType "swiss"]
[EventRounds "9"]
[EventCountry "HUN"]
[SourceTitle "EXT 2006"]
[Source "ChessBase"]
[SourceDate "2005.11.24"]
[SourceVersion "1"]
[SourceVersionDate "2005.11.24"]
[SourceQuality "1"]

1. e4 c5 2. Nf3 Nc6 3. d4 cxd4 4. Nxd4 Nf6 5. Nc3 e5 6. Ndb5 d6 7. Nd5 Nxd5 8. exd5 Nb8 9. c4 a6 10. Nc3 Be7 11. Be2 0-0 12. 0-0 f5 13. f4 Nd7 14. Qc2 g6 15. Kh1 Bf6 16. Be3 exf4 17. Bxf4 Be5 18. b4 a5 19. Bxe5 Nxe5 20. a3 b6 21. Nb5 Qf6 22. c5 bxc5 23. bxc5 dxc5 24. Qxc5 Ba6 25. Rfe1 f4 26. d6 f3 27. Qd5+ Kh8 28. Bf1 fxg2+ 29. Bxg2 Ng4 30. Rab1 Bxb5 31. Qxb5 Qxd6 32. Qb2+ Kg8 33. Bxa8 Rxa8 34. Qa2+ 1-0

[Event "Goed op 1st"]
[Site "Goed"]
[Date "2004.07.27"]
[Round "1"]
[White "Leviczki, Tibor"]
[Black "Pavel, Miklos"]
[Result "1-0"]
[WhiteElo "2274"]
[BlackElo "2000"]
[PlyCount "71"]
[EventDate "2004.07.??"]
[EventType "swiss"]
[EventRounds "9"]
[EventCountry "HUN"]
[SourceTitle "EXT 2006"]
[Source "ChessBase"]
[SourceDate "2005.11.24"]
[SourceVersion "1"]
[SourceVersionDate "2005.11.24"]
[SourceQuality "1"]

1. d4 d5 2. c4 c6 3. Nf3 dxc4 4. e4 b5 5. a4 Nf6 6. e5 Nd5 7. axb5 cxb5 8. b3 e6 9. bxc4 bxc4 10. Bxc4 Be7 11. 0-0 0-0 12. Nbd2 Nc6 13. Ne4 h6 14. Ba3 Ncb4 15. Nc5 a5 16. Rc1 Qb6 17. Qd2 Rd8 18. Na4 Qa7 19. Rfd1 Bb7 20. Nc3 Nxc3 21. Qxc3 Rac8 22. Bxb4 axb4 23. Qe3 Qa3 24. Qe2 Bxf3 25. gxf3 Rxd4 26. Rxd4 Qxc1+ 27. Kg2 Bg5 28. Bd3 b3 29. Qe4 g6 30. h4 Bd8 31. Rd7 b2 32. Qb7 Bxh4 33. Rxf7 Qg5+ 34. Kh3 Rc1 35. Rg7+ Kf8 36. Qf7# 1-0